Boletn̕ de Jurisprudencia de la Corte Interamericana de Derechos Humanos

Detalles Bibliográficos
Formato: eBook
Lenguaje:español
Publicado: Santiago de Chile : Centro de Derechos Humanos de la Facultad de Derecho de la Universidad de Chile, 2009 -
Materias:
Acceso en línea:Acceso restringido

MARC

LEADER 00000nam a22000007a 4500
005 20120918150838.0
007 cr|||| ||||
008 120918c20099999cl |||| s|||| 0||| 1spa d
035 |a 6695 
040 |a vLex 
090 |c 3431  |d 3431 
245 0 0 |a Boletn̕ de Jurisprudencia de la Corte Interamericana de Derechos Humanos  |h [Recurso electrn̤ico] 
256 |a Servicio en ln̕ea 
260 |a Santiago de Chile :  |b Centro de Derechos Humanos de la Facultad de Derecho de la Universidad de Chile,  |c 2009 - 
300 |a 1 recurso electrn̤ico 
506 1 |a Contenido solo disponible en los productos indicados  |d vLex Global   |d vLex Global (Academic Edition, excluding Law Schools)   |d vLex Global (U.S. Academic Edition, Law Schools)   |d vLex Global (U.S. Academic Edition, excluding Law Schools)   |d vLex Global (Academic Edition, Law Schools)  
650 0 4 |a Derechos humanos 
740 0 |a vLex Revistas (Servicio en ln̕ea) 
856 4 0 |u http://vlex.com/source/boletin-jurisprudencia-corte-interamericana-derechos-humanos-6695  |z Acceso restringido 
942 |c REV 
999 0 |a Human rights